Silvia y la máquina qué / (Registro nro. 12032)

Detalles MARC
000 -LIDER
fixed length control field 00963nam a22003017a 4500
001 - NÚMERO DE CONTROL
Identificador de número de control 000725
003 - IDENTIFICACDOR DE NÚMERO DE CONTROL
control field DO-SdBNP
005 - DATE AND TIME OF LATEST TRANSACTION
control field 20180213144741.0
007 - CAMPOS FIJOS DE DESCRIPCIÓN FÍSICA
fixed length control field 000725
008 - ELEMENTOS DE LONGITUD FIJA
fixed length control field 161122b 1997 sp a ||||| |||| 00| 0 spa d
020 ## - ISBN
International Standard Book Number 8434840987
040 ## - FUENTE DE CATALOGACIÓN
Agencia que crea de manera original el registro BPMSU
Idioma de catalogación spa
Agencia que realiza la transcripción BPMSU
082 ## - NÚMERO DE CLASIFICACIÓN DECIMAL DE DEWEY
Classification number xxxx
Item number xxxx
100 1# - ASIENTO PRINCIPAL -- NOMBRE PERSONAL
Nombre personal Lalana, Fernando,
Fechas asociadas con el nombre 1958-
245 10 - MENCIÓN DE TITULO
Título Silvia y la máquina qué /
Mención de responsabilidad Fernando Lalana y José María Almárcegui ; ilustraciones de Gonzalo Izquierdo.
250 ## - MENCIÓN DE EDICION
Mención de edición 8a ed.
260 ## - PUBLICACIÓN, DISTRIBUCIÓN, ETC. (PIE DE IMPRENTA)
Lugar de publicación, distribución, etc Madrid :
Nombre del editor, distribuidor, etc. SM,
Fecha de publicación, distribución, etc 1997.
300 ## - DESCRIPCIÓN FÍSICA
Extensión 200 p. :
Otros detalles físicos il. ;
Dimensiones 21 cm.
490 1# - MENCIÓN DE SERIES
Mención de serie El barco de vapor. Serie naranja
Volume/sequential designation 83
500 ## - NOTA GENERAL
Nota general "A partir de 9 años"
586 ## - AWARDS NOTE
Awards note "Premio el Barco de Vapor."
700 12 - ASIENTO SECUNDARIO -- NOMBRE PERSONAL
Nombre personal Almárcegui, José María,
Fechas asociadas con el nombre 1960-
700 12 - ASIENTO SECUNDARIO -- NOMBRE PERSONAL
Nombre personal Izquierdo, Gonzalo,
Fechas asociadas con el nombre 1967-
Mención de responsabilidad il.
830 #0 - ASIENTO SECUNDARIO DE SERIE--TÍTULO UNIFORME
Título uniforme Barco de vapor. Serie naranja ;
Volume number/sequential designation 83
942 ## - ADDED ENTRY ELEMENTS (KOHA)
Source of classification or shelving scheme Dewey Decimal Classification
Koha item type Libros
945 ## - INFORMACIÓN DE PROCESAMIENTO LOCAL
Información de procesamiento local Inventariado, 2018 / YL
956 ## - LOCAL ELECTRONIC LOCATION AND ACCESS (OCLC)
Método de acceso LOPEREZ
Materiales especificados 10
Enlace 20161122
Campo enlazado y núm. de secuencia BPMSU
Nombre de host 00041
Existencias
Withdrawn status Lost status Source of classification or shelving scheme Damaged status Not for loan Collection code Home library Current library Date acquired Source of acquisition Total Checkouts Full call number Barcode Date last seen Price effective from Koha item type
    Dewey Decimal Classification     Colección Infantil General Biblioteca Pública Metropolitana Salomé Ureña Biblioteca Pública Metropolitana Salomé Ureña 11/22/2016 FUNDI   xxxx xxxx BPMsSU16111479 11/22/2016 11/22/2016 Libros